000 00657cam a2200229 4500
008 090401t1991 xxu||||| |||| 00| 0 eng d
020 _a9519620362
035 _a(Sirsi) u1124
041 _aeng
050 _a526.90621
110 _aFederation International Des Geometres
245 _aStatutes and internal rules of the International Federation of Surveyors.
260 _aHelsinki
_bFIG Bureau
_c1991
300 _a74p. ; 30cm.
350 _a0
490 _aFIG Publication
_v7 s
520 _aText in English, French and German.
650 _aSURVEYING ASSOCIATIONS
690 _aPROFESSIONAL PRACTICE
942 _n0
948 _c04/03/1997
999 _c85631
_d85631